[Event "chess.com SpeedChess 2024"]
[Site "chess.com INT"]
[Date "2024.08.07"]
[Round "2.12"]
[Board "12"]
[White "Niemann, Hans Moke"]
[Black "So, Wesley"]
[Result "1-0"]
[WhiteTitle "GM"]
[BlackTitle "GM"]
[WhiteElo "2703"]
[BlackElo "2757"]
[WhiteFideId "2093596"]
[BlackFideId "5202213"]
[EventDate "2024.07.25"]
[EventType "k.o."]

1. e4 e5 2. Nf3 Nc6 3. Bc4 Nf6 4. d3 Bc5 5. O-O O-O 6. c3 d6 7. h3 Bb6 8. a4 a5
9. Nbd2 Ne7 10. d4 exd4 11. cxd4 Nxe4 12. Nxe4 d5 13. Bd3 dxe4 14. Bxe4 Bf5 15.
Qd3 Bxe4 16. Qxe4 c6 17. Re1 Re8 18. Bg5 Qd7 19. Bxe7 Bd8 20. Ng5 1-0

[Event "chess.com SpeedChess 2024"]
[Site "chess.com INT"]
[Date "2024.08.07"]
[Round "2.13"]
[Board "13"]
[White "So, Wesley"]
[Black "Niemann, Hans Moke"]
[Result "1/2-1/2"]
[WhiteTitle "GM"]
[BlackTitle "GM"]
[WhiteElo "2757"]
[BlackElo "2703"]
[WhiteFideId "5202213"]
[BlackFideId "2093596"]
[EventDate "2024.07.25"]
[EventType "k.o."]

1. e4 e5 2. Nf3 Nc6 3. Bb5 Nf6 4. d3 Bc5 5. c3 O-O 6. O-O Re8 7. Bg5 a6 8. Bc4
h6 9. Bh4 Be7 10. a4 d5 11. exd5 Nxd5 12. Bg3 Bf8 13. h3 Nb6 14. Bb3 Bf5 15. a5
Nd7 16. d4 exd4 17. cxd4 Nf6 18. Nc3 Ne4 19. Bc4 Nd6 20. Bb3 Ne4 21. Ba4 Nxc3
22. bxc3 Be4 23. Re1 Qd5 24. Bb3 Qf5 25. Bxc7 Rac8 26. Bb6 Bd6 27. Nd2 Bd3 28.
Qg4 Ne7 29. Qxf5 Nxf5 30. Rxe8+ Rxe8 31. Bd5 Bf4 32. Nf3 Nd6 33. Bc7 Rc8 34.
Bxd6 Bxd6 35. c4 Rc7 36. c5 Be7 37. Bxf7+ Kxf7 38. Ne5+ Ke6 39. Nxd3 Kd5 40.
Nf4+ Ke4 41. g3 Bf6 42. Re1+ Kf5 43. Ne6 Rd7 44. g4+ Kg6 45. Re4 Kf7 46. f4 g6
47. Kg2 Re7 48. f5 gxf5 49. gxf5 Rd7 50. Kf3 Rd5 51. Kf4 Be7 52. Re5 Rd7 53. Ke4
Bf6 54. Rd5 Rxd5 55. Kxd5 Bh4 56. Kc4 Kf6 57. d5 Kxf5 58. Nd4+ Ke5 59. d6 Bd8
60. c6 Kxd6 61. cxb7 Bc7 62. Nb3 Kc6 63. Nc5 Bd6 64. Ne4 Bb8 65. Nc5 Bd6 66.
Nxa6 Kxb7 67. Kb5 h5 68. Nc5+ Bxc5 69. Kxc5 Ka6 70. Kd5 Kxa5 71. Ke5 Kb6 72. Kf5
Kc7 73. Kg5 Kd8 74. Kxh5 Ke8 75. Kg6 Kf8 76. Kh7 Kf7 77. h4 Kf8 78. h5 Kf7 79.
h6 Kf8 80. Kh8 Kf7 81. h7 Kf8 1/2-1/2

[Event "chess.com SpeedChess 2024"]
[Site "chess.com INT"]
[Date "2024.08.07"]
[Round "2.14"]
[Board "14"]
[White "Niemann, Hans Moke"]
[Black "So, Wesley"]
[Result "0-1"]
[WhiteTitle "GM"]
[BlackTitle "GM"]
[WhiteElo "2703"]
[BlackElo "2757"]
[WhiteFideId "2093596"]
[BlackFideId "5202213"]
[EventDate "2024.07.25"]
[EventType "k.o."]

1. e4 c5 2. Nf3 d6 3. Bb5+ Bd7 4. Bxd7+ Qxd7 5. O-O Nc6 6. c3 d5 7. e5 e6 8. d4
Nge7 9. dxc5 Ng6 10. Be3 Ngxe5 11. Nxe5 Nxe5 12. Nd2 Nc6 13. b4 Be7 14. b5 Nb8
15. Bd4 O-O 16. a4 Qc7 17. Nb3 Nd7 18. Re1 Nxc5 19. Qg4 g6 20. Nxc5 Bxc5 21. Bf6
Be7 22. Bd4 Rac8 23. g3 Rfe8 24. Qf3 Bc5 25. Bf6 Bf8 26. Be5 Qd8 27. Bf6 Qd7 28.
Qe3 b6 29. Rad1 Rc4 30. Rd4 Rec8 31. Qe5 Qd6 32. Qg5 Bg7 33. Be7 h6 34. Bxd6
hxg5 35. Rxc4 Rxc4 36. Ra1 Bxc3 37. Ra2 Rc8 38. Kf1 Bd4 39. Ke2 f6 40. Kd3 e5
41. Bb4 Kf7 42. a5 g4 43. a6 Ke6 44. Bd2 Rc4 45. Bh6 e4+ 46. Ke2 Bc5 47. Bf4 Bd6
48. Be3 d4 0-1

[Event "chess.com SpeedChess 2024"]
[Site "chess.com INT"]
[Date "2024.08.07"]
[Round "2.15"]
[Board "15"]
[White "So, Wesley"]
[Black "Niemann, Hans Moke"]
[Result "0-1"]
[WhiteTitle "GM"]
[BlackTitle "GM"]
[WhiteElo "2757"]
[BlackElo "2703"]
[WhiteFideId "5202213"]
[BlackFideId "2093596"]
[EventDate "2024.07.25"]
[EventType "k.o."]

1. e4 e5 2. Nf3 Nc6 3. Bb5 Nf6 4. d3 Bc5 5. c3 O-O 6. O-O Re8 7. Nbd2 a6 8. Ba4
b5 9. Bc2 d6 10. b4 Bb6 11. a4 Bg4 12. h3 Bh5 13. Re1 d5 14. Bb2 d4 15. Qc1 dxc3
16. Bxc3 Qd6 17. axb5 axb5 18. Rxa8 Rxa8 19. Qb2 Re8 20. g4 Bxg4 21. hxg4 Nxg4
22. Re2 Qg6 23. Kf1 Qh5 24. Kg2 Re6 25. Qa2 h6 26. Bb3 Rf6 27. Bd5 Ne7 28. Nf1
Rxf3 29. Ng3 Rxg3+ 30. fxg3 Ne3+ 31. Rxe3 Bxe3 32. Bb3 Nc6 33. Qa8+ Kh7 34. Qxc6
Qe2+ 35. Kh3 Qf1+ 36. Kg4 h5+ 37. Kxh5 Qh3# 0-1

[Event "chess.com SpeedChess 2024"]
[Site "chess.com INT"]
[Date "2024.08.07"]
[Round "2.16"]
[Board "16"]
[White "Niemann, Hans Moke"]
[Black "So, Wesley"]
[Result "1-0"]
[WhiteTitle "GM"]
[BlackTitle "GM"]
[WhiteElo "2703"]
[BlackElo "2757"]
[WhiteFideId "2093596"]
[BlackFideId "5202213"]
[EventDate "2024.07.25"]
[EventType "k.o."]

1. e4 c5 2. Nf3 d6 3. Bb5+ Bd7 4. Bxd7+ Qxd7 5. c4 Nf6 6. Nc3 Nc6 7. d4 cxd4 8.
Nxd4 g6 9. f3 Bg7 10. Be3 O-O 11. O-O a6 12. Nb3 Ne5 13. Qe2 Rfc8 14. c5 b5 15.
cxb6 Nc4 16. Bf2 Rab8 17. Nd2 Nxb6 18. Qxa6 Qd8 19. a4 Nbd7 20. Ra2 Nc5 21. Qe2
Nfd7 22. a5 Ne5 23. a6 Ned3 24. Be3 Nb4 25. a7 Ra8 26. Raa1 Nc2 27. Ra2 Nb4 28.
Raa1 Nc2 29. Ra2 Nxe3 30. Qxe3 Ne6 31. Ne2 Qd7 32. Rfa1 Rc7 33. h3 Rb7 34. Kh2
Be5+ 35. f4 Bg7 36. Nc4 Nc5 37. Rd1 Rbxa7 38. Rxa7 Qxa7 39. e5 dxe5 40. fxe5 e6
41. b4 Nd7 42. Qxa7 Rxa7 43. b5 Rb7 44. b6 Nxb6 45. Rb1 Nxc4 46. Rxb7 Bxe5+ 47.
Kg1 h5 48. Kf2 Nd6 49. Rb4 Kg7 50. Kf3 f5 51. g4 Kf6 52. Nc1 Nf7 53. gxh5 Ng5+
54. Kg2 gxh5 55. Nd3 Bd6 56. Rh4 Kg6 57. Rd4 Be7 58. Nf4+ Kf7 59. Nxh5 e5 60.
Rd7 Ke6 61. Ra7 e4 62. Ng7+ Kf6 63. Nxf5 Kxf5 64. Rxe7 Kf4 65. Re8 e3 66. h4 Nh7
67. Re6 1-0

[Event "chess.com SpeedChess 2024"]
[Site "chess.com INT"]
[Date "2024.08.07"]
[Round "2.17"]
[Board "17"]
[White "So, Wesley"]
[Black "Niemann, Hans Moke"]
[Result "0-1"]
[WhiteTitle "GM"]
[BlackTitle "GM"]
[WhiteElo "2757"]
[BlackElo "2703"]
[WhiteFideId "5202213"]
[BlackFideId "2093596"]
[EventDate "2024.07.25"]
[EventType "k.o."]

1. e4 e5 2. Nf3 Nc6 3. Bc4 Nf6 4. d3 Bc5 5. c3 d6 6. Bg5 h6 7. Bh4 a5 8. Nbd2
Ba7 9. h3 Qe7 10. Bb3 Be6 11. O-O g5 12. Bg3 Nh5 13. Kh1 Nf4 14. d4 g4 15. hxg4
Bxg4 16. Ba4 Kf8 17. Bxf4 exf4 18. Kh2 Rg8 19. Rh1 Nd8 20. Kg1 h5 21. Qc2 Ne6
22. e5 Ng5 23. Nxg5 Qxg5 24. Qe4 c6 25. Rh2 Re8 26. Nf3 Qh6 27. Re1 Bb8 28. Qd3
Qg6 29. Qxg6 Rxg6 30. Bc2 Rge6 31. Bb3 Rg6 32. exd6 Bxf3 33. Rxe8+ Kxe8 34. d7+
Kxd7 35. Bxf7 Rg5 0-1

[Event "chess.com SpeedChess 2024"]
[Site "chess.com INT"]
[Date "2024.08.07"]
[Round "2.18"]
[Board "18"]
[White "Niemann, Hans Moke"]
[Black "So, Wesley"]
[Result "0-1"]
[WhiteTitle "GM"]
[BlackTitle "GM"]
[WhiteElo "2703"]
[BlackElo "2757"]
[WhiteFideId "2093596"]
[BlackFideId "5202213"]
[EventDate "2024.07.25"]
[EventType "k.o."]

1. e4 c5 2. Nf3 e6 3. b3 b6 4. d4 Bb7 5. d5 Qf6 6. c3 exd5 7. exd5 Ne7 8. Bg5
Qd6 9. c4 h6 10. Bc1 Qf6 11. Qc2 Qxa1 12. Nc3 g6 13. Bd3 Bg7 14. Nb5 Qf6 15.
Nc7+ Kd8 16. Nxa8 Bxa8 17. O-O Re8 18. Nd2 Nf5 19. Ne4 Qe7 20. Bd2 d6 21. Re1
Nd7 22. Qd1 Ne5 23. Bf1 Qc7 24. b4 Nd4 25. bxc5 dxc5 26. Qa4 f5 27. f4 Nef3+ 28.
gxf3 Nxf3+ 29. Kf2 Nxe1 30. Ng3 Bd4+ 31. Be3 Rxe3 32. d6 Qxd6 33. Be2 Qxf4+ 34.
Bf3 Qxf3+ 0-1

[Event "chess.com SpeedChess 2024"]
[Site "chess.com INT"]
[Date "2024.08.07"]
[Round "2.19"]
[Board "19"]
[White "So, Wesley"]
[Black "Niemann, Hans Moke"]
[Result "0-1"]
[WhiteTitle "GM"]
[BlackTitle "GM"]
[WhiteElo "2757"]
[BlackElo "2703"]
[WhiteFideId "5202213"]
[BlackFideId "2093596"]
[EventDate "2024.07.25"]
[EventType "k.o."]

1. e4 e5 2. Nf3 Nc6 3. Bc4 Nf6 4. d3 Be7 5. O-O O-O 6. a4 a5 7. Re1 d6 8. Bg5 h6
9. Bh4 Nh5 10. Bg3 g6 11. Nc3 Kg7 12. Nd5 Be6 13. c3 Nxg3 14. hxg3 h5 15. d4 Bg4
16. Be2 Bf6 17. dxe5 Nxe5 18. Nxe5 Bxe2 19. Qxe2 Bxe5 20. Rad1 c6 21. Ne3 Qe7
22. Nc4 Rad8 23. Nxa5 h4 24. g4 h3 25. g3 Qe6 26. Nc4 Bf6 27. Kh2 Rfe8 28. Rd2
Bg5 29. f4 Bf6 30. g5 Be7 31. Nb6 Bf8 32. Qc4 d5 33. Qe2 Bc5 34. a5 dxe4 35. Nc4
e3 36. Rxd8 Rxd8 37. b4 Ba7 38. Ne5 Rd2 0-1

[Event "chess.com SpeedChess 2024"]
[Site "chess.com INT"]
[Date "2024.08.07"]
[Round "2.20"]
[Board "20"]
[White "Niemann, Hans Moke"]
[Black "So, Wesley"]
[Result "0-1"]
[WhiteTitle "GM"]
[BlackTitle "GM"]
[WhiteElo "2703"]
[BlackElo "2757"]
[WhiteFideId "2093596"]
[BlackFideId "5202213"]
[EventDate "2024.07.25"]
[EventType "k.o."]

1. e4 c5 2. Nf3 d6 3. Bc4 Nf6 4. d3 a6 5. a4 Bg4 6. h3 Bh5 7. Nbd2 Nc6 8. O-O e6
9. Re1 Be7 10. Ba2 O-O 11. c3 b5 12. g4 Bg6 13. Nf1 d5 14. e5 Nd7 15. Ng3 Rb8
16. Bb1 b4 17. Bc2 Qc7 18. Bf4 bxc3 19. bxc3 Rb2 20. h4 f6 21. Bc1 Rxc2 22. Qxc2
fxe5 23. Nh2 c4 24. Qd1 Bxd3 25. f3 e4 26. Kg2 Bxh4 27. f4 g5 28. Nh5 gxf4 29.
Kh3 Bxe1 30. Qxe1 e5 31. Ra2 Qd6 32. Rg2 e3 33. Bxe3 fxe3 34. Qxe3 Qg6 35. Rf2
d4 36. Rxf8+ Nxf8 37. cxd4 exd4 38. Qe7 Nxe7 39. Nf3 Be2 40. Ne5 Qg5 41. Kg3
Qxe5+ 42. Nf4 c3 43. Kf2 Qxf4+ 44. Kxe2 Qe3+ 45. Kf1 Qd2 46. Kg1 c2 0-1

[Event "chess.com SpeedChess 2024"]
[Site "chess.com INT"]
[Date "2024.08.07"]
[Round "2.21"]
[Board "21"]
[White "So, Wesley"]
[Black "Niemann, Hans Moke"]
[Result "1-0"]
[WhiteTitle "GM"]
[BlackTitle "GM"]
[WhiteElo "2757"]
[BlackElo "2703"]
[WhiteFideId "5202213"]
[BlackFideId "2093596"]
[EventDate "2024.07.25"]
[EventType "k.o."]

1. e4 e5 2. Nf3 Nc6 3. Bb5 Nf6 4. d3 Bc5 5. c3 O-O 6. O-O Re8 7. h3 h6 8. Re1 a6
9. Ba4 b5 10. Bc2 d6 11. Nbd2 Bb6 12. Nf1 Ne7 13. d4 Ng6 14. Ng3 Bb7 15. Be3 c5
16. dxe5 dxe5 17. a4 Bc6 18. Qxd8 Rexd8 19. axb5 axb5 20. Rxa8 Rxa8 21. Rd1 Rb8
22. Rd6 Ba8 23. Rd1 Kf8 24. Nd2 Bc6 25. Nb3 c4 26. Nc5 Ne7 27. Kf1 Ke8 28. Ke2
h5 29. Na6 Ra8 30. Bxb6 Kf8 31. Rd8+ Rxd8 32. Bxd8 Ng6 33. Bxf6 Nf4+ 34. Kf3
gxf6 35. Ne2 Ne6 36. h4 Bb7 37. Nb4 f5 38. Ke3 f4+ 39. Kd2 Nc5 40. f3 Ke7 41. g3
f5 42. gxf4 fxe4 43. fxe4 Kf6 44. Ke3 Ne6 45. Nd5+ Kf7 46. fxe5 Nc5 47. Nef4 Bc8
48. Nxh5 Be6 49. Nhf4 Bd7 50. h5 Bg4 51. h6 Bd7 52. Kd4 Nb7 53. e6+ Bxe6 54. h7
Kg7 55. Nxe6+ Kxh7 56. e5+ Kh6 57. Nf6 Na5 58. Kc5 b4 59. Kxb4 Nc6+ 60. Kxc4
Nxe5+ 61. Kd5 Nf3 62. b4 Nd2 63. b5 Nf1 64. Bd3 Ne3+ 65. Ke5 Nd1 66. b6 Nf2 67.
Bf5 Nd3+ 68. Kd6 Nb2 69. b7 Nc4+ 70. Kc7 Nd6 71. b8=Q Ne8+ 72. Kc6 Nxf6 73. Qh8+ 1-0

[Event "chess.com SpeedChess 2024"]
[Site "chess.com INT"]
[Date "2024.08.07"]
[Round "2.22"]
[Board "22"]
[White "Niemann, Hans Moke"]
[Black "So, Wesley"]
[Result "1-0"]
[WhiteTitle "GM"]
[BlackTitle "GM"]
[WhiteElo "2703"]
[BlackElo "2757"]
[WhiteFideId "2093596"]
[BlackFideId "5202213"]
[EventDate "2024.07.25"]
[EventType "k.o."]

1. e4 d6 2. d4 Nf6 3. Nc3 g6 4. Nf3 Bg7 5. Be2 O-O 6. O-O Nc6 7. d5 Nb8 8. h3 c6
9. a4 a5 10. Re1 Nbd7 11. Bf4 Nc5 12. Bf1 Bd7 13. Qd2 Qb6 14. Rab1 Qb4 15. e5
Nxd5 16. Nxd5 cxd5 17. exd6 Qxd2 18. Nxd2 e6 19. b3 Bc6 20. Nf3 Rfd8 21. c4 d4
22. Ne5 f6 23. Nxc6 bxc6 24. Bd2 Bf8 25. Bxa5 Rxa5 26. b4 e5 27. bxa5 Bxd6 28.
Rb6 Rc8 29. a6 Rc7 30. Reb1 Kf7 31. a5 Ke7 32. Rb7 Nxa6 33. c5 Nxc5 34. Rxc7+
Bxc7 35. a6 1-0

[Event "chess.com SpeedChess 2024"]
[Site "chess.com INT"]
[Date "2024.08.07"]
[Round "2.23"]
[Board "23"]
[White "So, Wesley"]
[Black "Niemann, Hans Moke"]
[Result "1-0"]
[WhiteTitle "GM"]
[BlackTitle "GM"]
[WhiteElo "2757"]
[BlackElo "2703"]
[WhiteFideId "5202213"]
[BlackFideId "2093596"]
[EventDate "2024.07.25"]
[EventType "k.o."]

1. e4 e5 2. Nf3 Nc6 3. Bc4 Nf6 4. d3 Be7 5. O-O O-O 6. Re1 d6 7. a3 h6 8. Nc3
Re8 9. Be3 Bf8 10. h3 Be6 11. Bxe6 Rxe6 12. d4 Re8 13. Qd3 exd4 14. Nxd4 Ne5 15.
Qe2 c6 16. Rad1 Qc7 17. Nf5 Ng6 18. Bd4 Re6 19. Qf3 Ne5 20. Qg3 Ng6 21. f4 Rae8
22. Qf3 b5 23. Re2 a5 24. Rde1 b4 25. axb4 axb4 26. Nd1 d5 27. e5 Ne4 28. Nf2
Nxf2 29. Bxf2 Ra8 30. Bg3 Ree8 31. Kh2 Qd7 32. Ne3 d4 33. Nc4 Qd5 34. Qd3 Ne7
35. Nb6 Qb5 36. Nxa8 Qxd3 37. cxd3 Rxa8 38. e6 f6 39. Bf2 c5 40. Rc1 Nc6 41. g4
g6 42. f5 g5 43. Kg2 b3 44. Bg3 Be7 45. Kf3 Nb4 46. Ke4 Ra2 47. Be1 Nc6 48. Kd5
Nd8 49. Bg3 Ra5 50. Kc4 Ra4+ 51. Kxb3 Rb4+ 52. Kc2 Nc6 53. Ra1 Rb7 54. Ra8+ Kg7
55. Be1 Ne5 56. Bd2 c4 57. Rxe5 fxe5 58. dxc4 e4 59. b3 d3+ 60. Kc1 Rxb3 61. Ra7
Kf6 62. Be3 Ba3+ 63. Rxa3 Rxa3 64. Bd4+ Ke7 65. Bc5+ Kf6 66. Bxa3 e3 67. Bc5 e2
68. Kd2 Ke5 69. Bf2 Kf4 70. e7 1-0

[Event "chess.com SpeedChess 2024"]
[Site "chess.com INT"]
[Date "2024.08.08"]
[Round "2.1"]
[Board "1"]
[White "Carlsen, Magnus"]
[Black "Erigaisi, Arjun"]
[Result "1-0"]
[WhiteTitle "GM"]
[BlackTitle "GM"]
[WhiteElo "2832"]
[BlackElo "2778"]
[WhiteFideId "1503014"]
[BlackFideId "35009192"]
[EventDate "2024.07.25"]

1. e4 e5 2. Nf3 Nf6 3. Nxe5 d6 4. Nf3 Nxe4 5. Qe2 Qe7 6. g3 Nc6 7. Bg2 Bg4 8. d3
Nd4 9. Qxe4 Nxf3+ 10. Kf1 Qxe4 11. dxe4 Nd4 12. Na3 g6 13. c3 Nc6 14. f4 Bg7 15.
Kf2 Bd7 16. Nc2 O-O-O 17. Ne3 Ne7 18. Bd2 Rhe8 19. Rhe1 f5 20. exf5 Nxf5 21.
Nxf5 Bxf5 22. h3 h5 23. Kf3 d5 24. g4 Be4+ 25. Kg3 Bxg2 26. Kxg2 d4 27. Rxe8
Rxe8 28. Kf3 hxg4+ 29. hxg4 Rh8 30. Kg3 Kd7 31. Re1 c5 32. c4 a6 33. a4 Kd6 34.
a5 g5 35. b4 Rc8 36. bxc5+ Kxc5 37. fxg5 d3 38. Re7 Bf8 39. Rd7 Kxc4 40. g6 Bc5
41. g7 b5 42. Rc7 1-0

[Event "chess.com SpeedChess 2024"]
[Site "chess.com INT"]
[Date "2024.08.08"]
[Round "2.2"]
[Board "2"]
[White "Erigaisi, Arjun"]
[Black "Carlsen, Magnus"]
[Result "1/2-1/2"]
[WhiteTitle "GM"]
[BlackTitle "GM"]
[WhiteElo "2778"]
[BlackElo "2832"]
[WhiteFideId "35009192"]
[BlackFideId "1503014"]
[EventDate "2024.07.25"]
[EventType "k.o."]

1. d4 d5 2. Nf3 Bf5 3. c4 e6 4. Nc3 c6 5. Bf4 Bd6 6. Bxd6 Qxd6 7. Qb3 Qc7 8. Nh4
Bg6 9. g3 Nf6 10. Nxg6 hxg6 11. Bg2 Nbd7 12. O-O Qb6 13. e3 Qxb3 14. axb3 Ke7
15. h4 a6 16. Bf3 Ne8 17. Kg2 f5 18. Ne2 Nd6 19. Nf4 Kf6 20. Rac1 a5 21. Be2 Ne4
22. Rc2 g5 23. hxg5+ Nxg5 24. Ra1 Ne4 25. g4 g5 26. Nh5+ Kg6 27. cxd5 exd5 28.
gxf5+ Kxf5 29. f3 Nd6 30. Ng3+ Ke6 31. e4 Rh4 32. Bd3 g4 33. exd5+ Kxd5 34. Bc4+
Nxc4 35. bxc4+ Ke6 36. Re2+ Kf6 37. Rf1 Kg6 38. Re6+ Kf7 39. Rd6 Ke8 40. Rg6 Kf7
41. Rd6 Ke8 42. Nf5 gxf3+ 43. Rxf3 Rh7 44. Rg3 Nf8 45. d5 Kf7 46. dxc6 bxc6 47.
Rxc6 Rb8 48. b3 Rd8 49. Rc7+ Kf6 50. Rxh7 Nxh7 51. Ne3 Ke5 52. Nd5 Kd4 53. Kf2
a4 54. Rg4+ Kd3 55. bxa4 Rf8+ 56. Ke1 Nf6 57. Nxf6 Rxf6 58. c5 Rc6 59. Rg5 Kc4
60. Kd2 Rxc5 61. Rxc5+ Kxc5 62. Kc3 Kb6 63. Kb4 Ka7 64. a5 Ka8 65. Kb5 Ka7 66.
a6 Ka8 67. Kb6 Kb8 68. a7+ Ka8 69. Ka6 1/2-1/2

[Event "chess.com SpeedChess 2024"]
[Site "chess.com INT"]
[Date "2024.08.08"]
[Round "2.3"]
[Board "3"]
[White "Carlsen, Magnus"]
[Black "Erigaisi, Arjun"]
[Result "0-1"]
[WhiteTitle "GM"]
[BlackTitle "GM"]
[WhiteElo "2832"]
[BlackElo "2778"]
[WhiteFideId "1503014"]
[BlackFideId "35009192"]
[EventDate "2024.07.25"]
[EventType "k.o."]

1. e4 e5 2. Nf3 Nf6 3. Nxe5 d6 4. Nf3 Nxe4 5. h3 d5 6. d3 Nf6 7. d4 Nc6 8. Bb5
Bd6 9. O-O O-O 10. Re1 Bf5 11. Bxc6 bxc6 12. Bg5 h6 13. Bh4 g5 14. Bg3 Ne4 15.
Bxd6 cxd6 16. Nbd2 Rb8 17. b3 Nc3 18. Qc1 Qf6 19. Nf1 Rfe8 20. Qd2 Ne4 21. Qd1
h5 22. Ng3 Nxg3 23. fxg3 g4 24. hxg4 Rxe1+ 25. Qxe1 hxg4 26. Nh4 Qxd4+ 27. Kh2
Be4 28. c3 Qe5 29. Qe3 Kg7 30. Rf1 Rh8 31. Rf4 f5 32. Qxa7+ Kf6 33. Qf2 Ke6 34.
Qd2 c5 35. Kg1 d4 36. c4 d3 37. Ng6 Qd4+ 38. Rf2 Re8 39. Qh6 Kd7 40. Qh7+ Kd8
41. Qh4+ Kc8 42. Qg5 Kb8 43. Qf4 Re6 44. Nh4 Qa1+ 45. Kh2 Qe5 46. Qg5 Kb7 47. a3
Kc6 48. b4 cxb4 49. axb4 d5 50. cxd5+ Qxd5 51. Nxf5 Kb6 52. Qe3+ Kb7 53. Nd4 Re7
54. Rf4 Re8 55. Rxg4 Bg6 56. Qf3 Be4 57. Qe3 Bg6 58. Qf3 Be4 59. Qf2 Qh5+ 60.
Rh4 Qd5 61. Rf4 Rh8+ 62. Rh4 Rxh4+ 63. gxh4 Qe5+ 64. Kg1 Bd5 65. Nf3 Qa1+ 66.
Kh2 Qc3 67. Qd2 Qc4 68. Ne1 Qxh4+ 69. Kg1 Qd4+ 70. Kf1 Bc4 71. Nf3 Qe4 72. Kf2
Kb6 0-1

[Event "chess.com SpeedChess 2024"]
[Site "chess.com INT"]
[Date "2024.08.08"]
[Round "2.4"]
[Board "4"]
[White "Erigaisi, Arjun"]
[Black "Carlsen, Magnus"]
[Result "0-1"]
[WhiteTitle "GM"]
[BlackTitle "GM"]
[WhiteElo "2778"]
[BlackElo "2832"]
[WhiteFideId "35009192"]
[BlackFideId "1503014"]
[EventDate "2024.07.25"]
[EventType "k.o."]

1. d4 Nf6 2. c4 e6 3. Nf3 d5 4. Nc3 a6 5. cxd5 exd5 6. Bf4 Bd6 7. Bxd6 Qxd6 8.
e3 O-O 9. Bd3 b6 10. O-O Bb7 11. Qc2 Nbd7 12. Rfd1 Rfe8 13. a3 c5 14. dxc5 bxc5
15. b4 Rac8 16. bxc5 Nxc5 17. Rac1 d4 18. Nxd4 Ng4 19. g3 Nxd3 20. Qxd3 Qxa3 21.
h3 Ne5 22. Qc2 h5 23. Kf1 a5 24. Qb3 Ba6+ 25. Kg2 Qxb3 26. Nxb3 Nd3 27. Rc2 Bb7+
28. Kf1 Ba6 29. Kg2 Rc7 30. Nd4 Rec8 31. Nde2 Nb4 32. Rcd2 Rxc3 33. Nxc3 Rxc3
34. Rd8+ Kh7 35. R8d7 Bc4 36. Ra7 a4 37. Rxa4 Bb3 38. Ra3 Bd5+ 39. Rxd5 Nxd5 40.
Ra5 Nf6 41. Kf3 Rc4 42. Rf5 Kg6 43. Ra5 Ne4 44. Ra6+ f6 45. Ra2 Kh6 46. Rb2 g5
47. Ra2 g4+ 48. hxg4 hxg4+ 0-1

[Event "chess.com SpeedChess 2024"]
[Site "chess.com INT"]
[Date "2024.08.08"]
[Round "2.5"]
[Board "5"]
[White "Carlsen, Magnus"]
[Black "Erigaisi, Arjun"]
[Result "1-0"]
[WhiteTitle "GM"]
[BlackTitle "GM"]
[WhiteElo "2832"]
[BlackElo "2778"]
[WhiteFideId "1503014"]
[BlackFideId "35009192"]
[EventDate "2024.07.25"]
[EventType "k.o."]

1. d4 Nf6 2. c4 e6 3. Nf3 d5 4. g3 dxc4 5. Bg2 a6 6. Ne5 Bb4+ 7. Nc3 Nd5 8. O-O
Nxc3 9. bxc3 Bxc3 10. Rb1 Qxd4 11. Qa4+ Nd7 12. Bf4 Qc5 13. Bxb7 Bxe5 14. Be3
Qe7 15. Bxa8 c3 16. Bd4 c2 17. Rbc1 O-O 18. Bxe5 Nxe5 19. Qxc2 a5 20. Be4 Ba6
21. Bxh7+ Kh8 22. Be4 f5 23. Bg2 f4 24. Qe4 Qg5 25. Rxc7 f3 26. Bxf3 Bd3 27. Qb7
Rxf3 28. exf3 Qf5 29. f4 Be4 30. Qb8+ Kh7 31. Rxg7+ 1-0

[Event "chess.com SpeedChess 2024"]
[Site "chess.com INT"]
[Date "2024.08.08"]
[Round "2.6"]
[Board "6"]
[White "Erigaisi, Arjun"]
[Black "Carlsen, Magnus"]
[Result "1-0"]
[WhiteTitle "GM"]
[BlackTitle "GM"]
[WhiteElo "2778"]
[BlackElo "2832"]
[WhiteFideId "35009192"]
[BlackFideId "1503014"]
[EventDate "2024.07.25"]
[EventType "k.o."]

1. d4 d5 2. c4 e6 3. Nc3 a6 4. cxd5 exd5 5. Nf3 h6 6. Bf4 Nf6 7. e3 Bd6 8. Bxd6
Qxd6 9. Bd3 O-O 10. O-O Be6 11. Qb3 Nbd7 12. Rac1 Rab8 13. h3 c6 14. Na4 Ne4 15.
Qc2 Bf5 16. Nc5 Rfe8 17. b4 Qf6 18. Bxe4 Bxe4 19. Nxe4 Rxe4 20. a4 Ree8 21. b5
axb5 22. axb5 Rec8 23. Qb3 Qd6 24. Rfd1 Ra8 25. Rc2 Ra5 26. Rdc1 c5 27. dxc5
Rxc5 28. Rxc5 Nxc5 29. Qb4 b6 30. Nd4 Ra4 31. Qd2 Rc4 32. Rd1 Ne4 33. Qb2 Qf6
34. f3 Nc5 35. Qd2 Ne6 36. Nc6 Rc5 37. Qd3 g6 38. Rd2 Kg7 39. Kh2 h5 40. f4 Rc3
41. Qe2 Rc5 42. Ne5 Rc3 43. Nd7 Nxf4 44. Qf3 Qe7 45. Qxf4 Rxe3 46. Nxb6 Re4 47.
Nxd5 Qe6 48. Qg3 h4 49. Qc3+ f6 50. Qc7+ Kh6 51. Qb8 Kg5 52. Nc3 Rc4 53. Rd5+ f5
54. Qd8+ Kh5 55. Qh8+ Kg5 56. Qd8+ Kh5 57. Nd1 Qe1 58. Qh8+ Kg5 59. Qd8+ Kh5 60.
Qh8+ Kg5 61. Qe5 Re4 62. Qc7 Re2 63. Rd7 Qf1 64. Qd8+ Kh6 65. Qxh4# 1-0

[Event "chess.com SpeedChess 2024"]
[Site "chess.com INT"]
[Date "2024.08.08"]
[Round "2.7"]
[Board "7"]
[White "Carlsen, Magnus"]
[Black "Erigaisi, Arjun"]
[Result "1-0"]
[WhiteTitle "GM"]
[BlackTitle "GM"]
[WhiteElo "2832"]
[BlackElo "2778"]
[WhiteFideId "1503014"]
[BlackFideId "35009192"]
[EventDate "2024.07.25"]
[EventType "k.o."]

1. e4 e5 2. Nf3 Nf6 3. Nxe5 d6 4. Nf3 Nxe4 5. d4 d5 6. Bd3 Bd6 7. c4 c6 8. O-O
O-O 9. h3 Re8 10. Nc3 Nd7 11. cxd5 Nxc3 12. bxc3 cxd5 13. Bg5 Qc7 14. Re1 Rxe1+
15. Qxe1 Nf8 16. a4 Bd7 17. a5 Re8 18. Qd2 Ne6 19. Be3 a6 20. Qb2 Rc8 21. Bd2 h6
22. Qa2 Nf4 23. Bf1 Bf5 24. Ne5 Bxe5 25. dxe5 Ne6 26. Qxd5 Rd8 27. Qa2 Qxe5 28.
Re1 Qd5 29. Qxd5 Rxd5 30. Be3 Rxa5 31. c4 Ra3 32. g4 Bd3 33. Bg2 Bxc4 34. Bxb7
Rb3 35. Be4 Ng5 36. Bg2 a5 37. Rc1 Bd3 38. Rc8+ Kh7 39. Ra8 Ra3 40. Ra7 a4 41.
h4 Ne6 42. Rxf7 Rc3 43. Ra7 a3 44. Bd5 Bc4 45. Bd2 Bxd5 46. Bxc3 a2 47. f4 Kg8
48. f5 Nf4 49. Rxg7+ Kf8 50. Kf2 Nd3+ 51. Ke3 Ne1 52. Ra7 1-0